Statistics for Top 20 Game of Thrones (GOT) Characters by Screen Time

Click here to take the quiz!

General Stats

  • This quiz has been taken 143 times
  • The average score is 15 of 20

Answer Stats

Screen Time (minutes)Answer% Correct
651Jon Snow
99%
393Arya Stark
94%
392Jaime Lannister
94%
418Sansa Stark
91%
697Tyrion Lannister
91%
425Cersei Lannister
90%
524Daenerys Targaryen
90%
224Bran Stark
78%
231Sandor Clegane
75%
328Jorah Mormont
72%
264Samwell Tarly
70%
214Petyr Baelish
68%
261Theon Greyjoy
68%
228Brienne of Tarth
66%
267Varys
62%
155Catelyn Stark
59%
296Davos Seaworth
56%
228Missandei
56%
179Grey Worm
53%
192Tormund Giantsbane
48%

Score Distribution

Percentile by Number Answered

Percent of People with Each Score

Your Score History

You have not taken this quiz